000 00621nam a2200229Ia 4500
003 OSt
005 20221006151416.0
006 a|||||r|||| 00| 0
007 ta
008 221006b |||||||| |||| 00| 0 eng d
020 _c
_6.95
024 _a21,982
037 _bGift,
_cTextual
040 _aEASL
_cEASL
_beng
041 _2eng
_aeng
100 _aSWAMY Subramaniam
_9298969
245 0 _aEconomic growth in China and India
260 _aChicago
_bEconomic Development & Cultural Change Journal
_c1972
300 _a134p.
_ccm.
942 _cTEXL
_2CC
999 _c1090068
_d1090068